Responses for Show #8145 - Friday, January 24, 2020

Contestants

[<< previous game]

Ashwin Monian, a data scientist from Hatfield, Pennsylvania

Heather Nelson, a middle school math teacher from Lake Oswego, Oregon

John Cuevas, a slot floorperson from San Marcos, California (whose 2-day cash winnings total $52,511)

[next game >>]

Jeopardy! Round responses

1984
IKEA NAMES
THIS & THAT
THOSE ARE MY LITERARY CHARACTERS!
(Alex: We want you to name the author.)
HOLLYWOOD & LINE
POST HASTE
(Alex: Each correct response will begin with "H-A", but will come after "haste" in the dictionary.)
    $200 1
Canada

John
    $200 6
(Heather: What are lights?)
(Alex: Be more specific.)
(Heather: Fairy lights?)

night lights

JohnHeather
    $200 11
the Washington Monument

John
    $200 26
(Alex: Yes! To Kill a Mockingbird.)

Harper Lee

Heather
    $200 16
The Godfather

John
    $200 21
Hatfield

John
    $400 2
Chrysler

John
    $400 7
a bookshelf

Ashwin
    $400 12
Monty Python

Heather
    $400 27
Robert Ludlum

Triple Stumper
    $400 17
The Incredibles

John
    $400 22
hazing

John
    $600 3
Jesse Jackson

John
    $600 8
batteries

Heather
    $600 13
an octopus

Heather
    $600 28
Dan Brown

Heather
    $600 18
The Dude

John
    $600 23
(Heather: What is haggis?)

hasty pudding

Heather
Triple Stumper
    $1,200 4
the L.A. Coliseum

John
    $800 9
(Ashwin: What is a hot dog?)
[Audience chuckles]
(John: What is water?)

a (shopping) bag

JohnHeatherAshwin
    $800 14
the Golden Gate Bridge

John
    $800 29
Hawthorne

Ashwin
    $800 19
The Terminator

John
    $800 24
a hatchery

Heather
    $1000 5
a sultan (sultanate)

Ashwin
    $1000 10
Denmark

Triple Stumper
    $1000 15
balloons

Triple Stumper
    $1000 30
Saul Bellow

Triple Stumper
    $1000 20
(Alex: You got 'em. All of 'em as a matter of fact.)
[John chuckles]
[Applause]

Silver Linings Playbook

John
    $1000 25
a hayseed

John

Scores at the first commercial break (after clue 15):

John Heather Ashwin
$2,800 $2,200 $600

Scores at the end of the Jeopardy! Round:

John Heather Ashwin
$7,400 $3,200 $1,400

Double Jeopardy! Round responses

NEIL BEFORE ME
GEOGRAPHIC NUMBERS
A BRUSH WITH DEATH
13-LETTER WORDS
THE ROYAL SOCIETY OF LONDON
THE GRAMMY AWARDS
    $400 6
the state supreme court

Ashwin
    $400 5
Four Corners

Heather
    $400 12
a martyr

Heather
    $400 14
weightlifting

Ashwin
    $400 20
a solar eclipse

Ashwin
    $400 26
Mark Ronson

Heather
    $800 7
Simon

John
    $800 1
the seven hills of Rome

Triple Stumper
    $800 13
Paul Gauguin

Triple Stumper
    $800 15
circumference

Heather
    $800 21
Newton

Ashwin
    $800 27
"We Are The World"

John
    $1200 9
Armstrong

Heather
    $1,400 2
(Ashwin: What is Gettysburg?)

Three Mile Island

Ashwin
    $1200 19
(Frida) Kahlo

Ashwin
    $1200 16
reverberation

Triple Stumper
    $1200 22
(Christopher) Wren

Ashwin
    $1200 28
Patton Oswalt

Heather
    $1600 8
Neil Sedaka

Triple Stumper
    $1600 3
K2

Heather
    $4,000 11
(John: What is the...Calvary?)
(Alex: No. Heather wishes she had this clue.)

(The) Pietà

John
    $1600 17
cerebrospinal

Triple Stumper
    $1600 23
(Robert) Boyle

Ashwin
    $1600 29
Les Paul

John
    $2000 10
the Pentagon Papers

John
    $2000 4
(Heather: What is Ochos Rios?)

Ocho Rios

Heather
Triple Stumper
    $2000 25
(Alex: Less than a minute to deal with the last category.)

Marat

Ashwin
    $2000 18
insubordinate

John
    $2000 24
(Ashwin: What is botany?)

genetics

Ashwin
Triple Stumper
    $2000 30
Kacey Musgraves

Heather

Scores at the end of the Double Jeopardy! Round:

John Heather Ashwin
$10,600 $9,200 $6,000

[wagering suggestions for these scores]

Final Jeopardy! Round responses

BESTSELLING AUTHORS
AshwinWho is Marie...?
$1
HeatherWho is Mary Higgins Clark
$1,401
JohnWho is Ephron
$7,801
Danielle Steel

Final scores:

John Heather Ashwin
$2,799 $7,799 $5,999
3rd place: $1,000 New champion: $7,799 2nd place: $2,000

Game dynamics:

Coryat scores:

John Heather Ashwin
$14,200 $9,200 $7,400
20 R
(including 1 DD),
2 W
(including 1 DD)
15 R,
3 W
11 R,
3 W
(including 1 DD)

Combined Coryat: $30,800

[game clues] [game scores] [suggest correction]

Game tape date: 2019-11-13
The J! Archive is created by fans, for fans. Scraping, republication, monetization, and malicious use prohibited; this site may use cookies and collect identifying information. See terms. The Jeopardy! game show and all elements thereof, including but not limited to copyright and trademark thereto, are the property of Jeopardy Productions, Inc. and are protected under law. This website is not affiliated with, sponsored by, or operated by Jeopardy Productions, Inc. Join the discussion at JBoard.tv.